| 000 | 00675nam a2200241 a 4500 | ||
|---|---|---|---|
| 001 | BRCA_8249 | ||
| 005 | 20190320210209.0 | ||
| 008 | 280514s1956----mx-a###g##---#001-0#spa-# | ||
| 041 | _aspa | ||
| 044 | _asp | ||
| 050 | 4 |
_aAP260 _b.S6 1956 |
|
| 245 | 1 | 0 | _aSocial (revista). |
| 260 |
_aMéxico _bMercurio _c1956 |
||
| 300 |
_a130 p. _bil. _c29 cm. |
||
| 440 | 0 |
_aSocial _nTomo XX _pNúm. 239 _920582 |
|
| 500 | _aRevista de sociales | ||
| 500 | _aPublicación periódica inventariada por el Banco de México como libro | ||
| 500 | _aT89 | ||
| 650 | 1 | 4 |
_aSociedad _vEventos _920583 |
| 650 | 1 | 4 |
_aSociedad _vPublicaciones periódicas _920584 |
| 902 | _aGFM | ||
| 942 |
_2lcc _cB |
||
| 999 |
_c7917 _d7917 |
||